[Event "CZE-chT2D 2223"]
[Site "Czech Republic"]
[Date "2023.03.05"]
[Round "10.6"]
[White "Motacek, Vladimir"]
[Black "Zdechovsky, Tobias"]
[Result "0-1"]
[WhiteElo "1990"]
[BlackElo "1995"]
[PlyCount "84"]
[EventDate "2022.10.16"]
[EventType "team-tourn"]
[EventRounds "11"]
[EventCountry "CZE"]
[SourceTitle "EXT 2024"]
[Source "ChessBase"]
[SourceDate "2023.10.10"]
[SourceVersion "1"]
[SourceVersionDate "2023.10.10"]
[SourceQuality "1"]
[WhiteTeam "Jihlava Gambit"]
[BlackTeam "Hradec Kralove Lipky"]
[WhiteTeamCountry "CZE"]
[BlackTeamCountry "CZE"]

1. d4 d5 2. c4 e6 3. Nc3 Be7 4. Bf4 Nf6 5. Nf3 0-0 6. e3 c6 7. Bd3 dxc4 8. Bxc4 b5 9. Bd3 a6 10. 0-0 Nbd7 11. Qc2 c5 12. dxc5 Nxc5 13. Rfd1 Qb6 14. Ng5 h6 15. Nge4 Bb7 16. Nxc5 Qxc5 17. a3 Rac8 18. Rac1 Qc6 19. e4 b4 20. axb4 Bxb4 21. Qe2 Qb6 22. Be3 Qa5 23. Ra1 Qe5 24. f4 Qb8 25. Bd4 Qxf4 26. Rf1 Qg5 27. Bxf6 gxf6 28. Rf3 Bd6 29. Bxa6 Bxa6 30. Rxa6 Be5 31. Ra1 Rfd8 32. Rd1 Kh7 33. Rfd3 Rxd3 34. Qxd3 Bxc3 35. bxc3 Qc5+ 36. Kf1 Qxc3 37. Ke2 Qe5 38. h3 Rc3 39. Qd4 Rc2+ 40. Kf1 Qh2 41. Rd2 Rc1+ 42. Kf2 Qf4+ 0-1

[Event "CZE-chT2D 2122"]
[Site "Czech Republic"]
[Date "2022.02.13"]
[Round "8.3"]
[White "Zdechovsky, Tobias"]
[Black "Hlavacek, Robert"]
[Result "0-1"]
[WhiteElo "1956"]
[BlackElo "2137"]
[PlyCount "86"]
[EventDate "2021.10.17"]
[EventType "team-tourn"]
[EventRounds "11"]
[EventCountry "CZE"]
[SourceTitle "EXT 2025"]
[Source "ChessBase"]
[SourceDate "2024.10.14"]
[SourceVersion "1"]
[SourceVersionDate "2024.10.14"]
[SourceQuality "1"]
[WhiteTeam "Vysoke Myto"]
[BlackTeam "Chrudim"]
[WhiteTeamCountry "CZE"]
[BlackTeamCountry "CZE"]

1. d4 d5 2. Nf3 Nf6 3. c4 e6 4. Nc3 c6 5. Bg5 Be7 6. e3 Nbd7 7. cxd5 exd5 8. Bd3 h6 9. Bh4 Ne4 10. Bxe7 Qxe7 11. Bxe4 dxe4 12. Nd2 Nf6 13. Qc2 Bf5 14. f3 exf3 15. Qxf5 Qxe3+ 16. Kf1 fxg2+ 17. Kxg2 Qxd2+ 18. Kg3 0-0 19. Rad1 Qxb2 20. Qf3 Rae8 21. Rhg1 Qc2 22. Kh3 Ne4 23. Nxe4 Qxe4 24. Qh5 g6 25. Qxh6 Qe3+ 26. Qxe3 Rxe3+ 27. Rg3 Rxg3+ 28. hxg3 Rd8 29. Kg4 Rd5 30. Kf3 c5 31. Rb1 cxd4 32. Rxb7 d3 33. Rb1 d2 34. Rd1 f5 35. Ke3 Kg7 36. Rxd2 Rxd2 37. Kxd2 Kf6 38. Ke3 Ke5 39. Kd3 Kd5 40. Ke3 g5 41. Kd3 Kc5 42. Kc3 a5 43. a3 a4 0-1

[Event "Hradec Kralove op 11th"]
[Site "Hradec Kralove"]
[Date "2021.11.10"]
[Round "6"]
[White "Zdechovsky, Tobias"]
[Black "Stary, Lukas"]
[Result "1-0"]
[WhiteElo "1956"]
[BlackElo "1889"]
[PlyCount "65"]
[EventDate "2021.11.06"]
[EventType "swiss"]
[EventRounds "9"]
[EventCountry "CZE"]
[SourceTitle "CBM 205 Extra"]
[Source "ChessBase"]
[SourceDate "2022.01.31"]
[SourceVersion "1"]
[SourceVersionDate "2022.01.31"]
[SourceQuality "1"]

1. d4 d5 2. c4 dxc4 3. Nf3 b5 4. e3 e6 5. a4 c6 6. b3 Bb4+ 7. Bd2 Bxd2+ 8. Nfxd2 a5 9. axb5 cxb5 10. bxc4 b4 11. Qf3 Ra7 12. Qg3 Nc6 13. Ne4 Kf8 14. Nbd2 Nf6 15. Be2 Bb7 16. Nd6 Ne7 17. Nxb7 Rxb7 18. 0-0 g6 19. Qe5 Nc6 20. Qc5+ Ne7 21. Bf3 Rb8 22. Qxa5 Kg7 23. Rfb1 Nf5 24. g3 Qb6 25. Qe5 h5 26. Ne4 Qd8 27. c5 Nh6 28. Ra4 Rf8 29. Raxb4 Rc8 30. Rb7 Nhg8 31. Qxe6 Kh8 32. Nxf6 Nxf6 33. Rxf7 1-0

[Event "Hradec Kralove op 11th"]
[Site "Hradec Kralove"]
[Date "2021.11.07"]
[Round "2"]
[White "Zdechovsky, Tobias"]
[Black "Lysenko, Volodymyr"]
[Result "1/2-1/2"]
[WhiteElo "1956"]
[BlackElo "1845"]
[PlyCount "127"]
[EventDate "2021.11.06"]
[EventType "swiss"]
[EventRounds "9"]
[EventCountry "CZE"]
[SourceTitle "CBM 205 Extra"]
[Source "ChessBase"]
[SourceDate "2022.01.31"]
[SourceVersion "1"]
[SourceVersionDate "2022.01.31"]
[SourceQuality "1"]

1. d4 f5 2. e4 fxe4 3. Nc3 Nf6 4. Bg5 Nc6 5. d5 Ne5 6. Qe2 d6 7. 0-0-0 c6 8. Bxf6 exf6 9. Qxe4 f5 10. Qe3 Be7 11. dxc6 bxc6 12. f4 Ng4 13. Qf3 d5 14. Bc4 Be6 15. Nge2 0-0 16. Nd4 Bd7 17. Bb3 Nf6 18. h3 Kh8 19. g4 Ne4 20. gxf5 Nxc3 21. Qxc3 Qc7 22. Rhf1 Bd6 23. Kb1 Bxf5 24. Nxc6 Be4 25. Bxd5 Bxd5 26. Rxd5 Rac8 27. Rfd1 Rxf4 28. Qd3 Bf8 29. Ne5 Rf2 30. Rd2 Rf4 31. b3 Re8 32. Re2 Re7 33. Rd7 Rf1+ 34. Kb2 Qc5 35. Nc4 Rxd7 36. Qxd7 Qg5 37. Qd2 Qg1 38. Re8 Rb1+ 39. Kc3 Qc5 40. Qd6 Qxd6 41. Nxd6 Kg8 42. Nb5 a5 43. a3 Rh1 44. Re3 g5 45. Kd3 h5 46. Ke4 Kf7 47. Kf5 Be7 48. Rf3 Rd1 49. c4 h4 50. Nc3 Rg1 51. Ne4 Ke8 52. Nf6+ Kd8 53. a4 Bxf6 54. Kxf6 Rg3 55. Rf5 Rxh3 56. Rxg5 Rxb3 57. Ke6 Kc7 58. Rxa5 Kc6 59. Rh5 h3 60. a5 Rc3 61. a6 Rxc4 62. Ra5 Re4+ 63. Kf5 Re8 64. a7 1/2-1/2

[Event "Pardubice Czech op-A 32nd"]
[Site "Pardubice"]
[Date "2021.07.24"]
[Round "2"]
[White "Zdechovsky, Tobias"]
[Black "Gombocz, Ferenc Jr"]
[Result "1/2-1/2"]
[WhiteElo "1938"]
[BlackElo "2236"]
[PlyCount "33"]
[EventDate "2021.07.23"]
[EventType "swiss"]
[EventRounds "9"]
[EventCountry "CZE"]
[SourceTitle "CBM 203 Extra"]
[Source "ChessBase"]
[SourceDate "2021.09.30"]
[SourceVersion "1"]
[SourceVersionDate "2021.09.30"]
[SourceQuality "1"]

1. d4 d5 2. c4 c6 3. Nf3 Nf6 4. Nc3 a6 5. cxd5 cxd5 6. Bf4 Nc6 7. e3 e6 8. Bd3 Bd6 9. Bxd6 Qxd6 10. 0-0 0-0 11. Rc1 e5 12. dxe5 Nxe5 13. Be2 Rd8 14. Nxe5 Qxe5 15. Qd2 Ng4 16. Bxg4 Bxg4 17. f3 1/2-1/2

[Event "Prague Summer op 7th"]
[Site "Prague"]
[Date "2020.08.11"]
[Round "5"]
[White "Zdechovsky, Tobias"]
[Black "Mukashev, Assan"]
[Result "0-1"]
[WhiteElo "1932"]
[BlackElo "2207"]
[PlyCount "56"]
[EventDate "2020.08.08"]
[EventType "swiss"]
[EventRounds "9"]
[EventCountry "CZE"]
[SourceTitle "CBM 197 Extra"]
[Source "ChessBase"]
[SourceDate "2020.09.30"]
[SourceVersion "1"]
[SourceVersionDate "2020.09.30"]
[SourceQuality "1"]

1. d4 Nf6 2. Bg5 Ne4 3. Bf4 c5 4. f3 Nf6 5. d5 Qb6 6. Bc1 e6 7. c4 Qb4+ 8. Nc3 Qxc4 9. e4 Qb4 10. Bd2 Qb6 11. Rc1 d6 12. b4 cxb4 13. Nb5 Na6 14. Bxb4 Nxb4 15. Nc7+ Kd8 16. Nxa8 Qe3+ 17. Be2 Nd3+ 18. Qxd3 Qxc1+ 19. Bd1 Bd7 20. Qd4 Qc5 21. Qxc5 dxc5 22. Nh3 Bd6 23. 0-0 Ke7 24. f4 Nxe4 25. dxe6 fxe6 26. Re1 Nf6 27. Bb3 Rxa8 28. Ng5 Bxf4 0-1

[Event "CZE-ch Juniors FIDE op"]
[Site "Kouty nad Desnou"]
[Date "2020.03.09"]
[Round "4"]
[White "Zdechovsky, Tobias"]
[Black "Dejmal, Ondrej"]
[Result "1/2-1/2"]
[WhiteElo "1922"]
[BlackElo "1757"]
[PlyCount "21"]
[EventDate "2020.03.07"]
[EventType "swiss"]
[EventRounds "7"]
[EventCountry "CZE"]
[SourceTitle "CBM 195 Extra"]
[Source "ChessBase"]
[SourceDate "2020.05.31"]
[SourceVersion "1"]
[SourceVersionDate "2020.05.31"]
[SourceQuality "1"]

1. e4 e5 2. Nf3 Nc6 3. Bc4 Bc5 4. d3 h6 5. c3 Nf6 6. 0-0 d6 7. a4 a6 8. Be3 0-0 9. Nbd2 Bxe3 10. fxe3 Be6 11. Bxe6 1/2-1/2

[Event "EU Union-ch U14 16th"]
[Site "Mureck"]
[Date "2018.08.05"]
[Round "5"]
[White "Zdechovsky, Tobias"]
[Black "Raats, Joppe"]
[Result "0-1"]
[WhiteElo "1613"]
[BlackElo "1862"]
[PlyCount "54"]
[EventDate "2018.08.01"]
[EventType "swiss"]
[EventRounds "9"]
[EventCountry "AUT"]
[SourceTitle "CBM 186 Extra"]
[Source "ChessBase"]
[SourceDate "2018.08.24"]
[SourceVersion "1"]
[SourceVersionDate "2018.08.24"]
[SourceQuality "1"]

1. e4 e5 2. Nf3 Nc6 3. Bc4 Bc5 4. b4 Bxb4 5. c3 Ba5 6. d4 d6 7. Qb3 Qd7 8. 0-0 Bb6 9. Bb5 a6 10. Qa4 exd4 11. Nxd4 axb5 12. Qxa8 Nxd4 13. Na3 Ne2+ 14. Kh1 Nxc1 15. Raxc1 Ne7 16. Rb1 0-0 17. Nxb5 f5 18. exf5 Qc6 19. f6 Bh3 20. Qxf8+ Kxf8 21. fxe7+ Ke8 22. f3 Bf5 23. Rb4 Bd3 24. Re1 Bf2 25. Re6 Bc4 26. Nd4 Qa6 27. Re4 Qxa2 0-1

[Event "EU Union-ch U14 16th"]
[Site "Mureck"]
[Date "2018.08.04"]
[Round "4"]
[White "Putar, Leon"]
[Black "Zdechovsky, Tobias"]
[Result "1/2-1/2"]
[WhiteElo "1710"]
[BlackElo "1613"]
[PlyCount "70"]
[EventDate "2018.08.01"]
[EventType "swiss"]
[EventRounds "9"]
[EventCountry "AUT"]
[SourceTitle "CBM 186 Extra"]
[Source "ChessBase"]
[SourceDate "2018.08.24"]
[SourceVersion "1"]
[SourceVersionDate "2018.08.24"]
[SourceQuality "1"]

1. e4 c5 2. Nf3 d6 3. c3 Nf6 4. Be2 Nc6 5. Qc2 Bg4 6. 0-0 e5 7. Re1 Be7 8. Qb3 Bxf3 9. Bxf3 Qd7 10. d3 0-0 11. Be3 a6 12. Nd2 Rab8 13. Nf1 b5 14. Qc2 b4 15. c4 a5 16. b3 Rb7 17. Ng3 Ra8 18. h3 Rba7 19. h4 Qe8 20. Nf5 Nd4 21. Bxd4 cxd4 22. Qd2 Nd7 23. g4 Nc5 24. Reb1 Qb8 25. h5 Bf8 26. Rb2 Rb7 27. g5 a4 28. Rab1 axb3 29. axb3 Ra3 30. Bg4 Qa7 31. Nh4 Ra1 32. Bf5 g6 33. Bg4 Rxb1+ 34. Rxb1 Qa3 35. Bd1 Ra7 1/2-1/2

[Event "EU Union-ch U14 16th"]
[Site "Mureck"]
[Date "2018.08.01"]
[Round "1"]
[White "Zdechovsky, Tobias"]
[Black "Kristoferitsch, Daniel"]
[Result "0-1"]
[WhiteElo "1613"]
[BlackElo "1982"]
[PlyCount "42"]
[EventDate "2018.08.01"]
[EventType "swiss"]
[EventRounds "9"]
[EventCountry "AUT"]
[SourceTitle "CBM 186 Extra"]
[Source "ChessBase"]
[SourceDate "2018.08.24"]
[SourceVersion "1"]
[SourceVersionDate "2018.08.24"]
[SourceQuality "1"]

1. e4 c5 2. Nf3 e6 3. d4 cxd4 4. Nxd4 a6 5. c4 Nf6 6. Nc3 Bb4 7. Bd3 Nc6 8. Nxc6 dxc6 9. Qc2 e5 10. Bg5 0-0 11. 0-0 h6 12. Bxf6 Qxf6 13. Ne2 Bc5 14. a3 a5 15. Rab1 Qe7 16. Ng3 g6 17. Kh1 Kh7 18. Rbe1 Bd6 19. Ne2 Qg5 20. c5 Bc7 21. g3 Bh3 0-1

[Event "Pardubice op rapid 29th"]
[Site "Pardubice"]
[Date "2018.07.18"]
[Round "3"]
[White "Sinauridze, Simons"]
[Black "Zdechovsky, Tobias"]
[Result "1/2-1/2"]
[WhiteElo "2088"]
[BlackElo "1675"]
[PlyCount "72"]
[EventDate "2018.07.18"]
[EventType "swiss (rapid)"]
[EventRounds "9"]
[EventCountry "CZE"]
[SourceTitle "CBM 185 Extra"]
[Source "ChessBase"]
[SourceDate "2018.07.29"]
[SourceVersion "1"]
[SourceVersionDate "2018.07.29"]
[SourceQuality "1"]

1. e4 c5 2. Nf3 Nc6 3. Bb5 g6 4. 0-0 Bg7 5. c3 Nf6 6. Re1 0-0 7. d4 cxd4 8. cxd4 d5 9. e5 Ne4 10. h3 f5 11. Nc3 Qb6 12. a4 e6 13. Ne2 Qd8 14. h4 h6 15. Bd3 Nb4 16. Bb1 a5 17. Nf4 Kh7 18. Ra3 g5 19. hxg5 hxg5 20. Bxe4 dxe4 21. Nxg5+ Qxg5 22. Nxe6 Qe7 23. Nxf8+ Qxf8 24. Qh5+ Kg8 25. Rh3 Nd3 26. Qh7+ Kf7 27. Rxd3 exd3 28. d5 Qh8 29. e6+ Kf6 30. Qxh8 Bxh8 31. Bf4 Kg6 32. d6 Bxb2 33. d7 Bxd7 34. exd7 Rd8 35. Re6+ Kf7 36. Rd6 Ke7 1/2-1/2

[Event "Pardubice op rapid 29th"]
[Site "Pardubice"]
[Date "2018.07.18"]
[Round "2"]
[White "Zdechovsky, Tobias"]
[Black "Pacl, Vaclav"]
[Result "0-1"]
[WhiteElo "1675"]
[BlackElo "2070"]
[PlyCount "124"]
[EventDate "2018.07.18"]
[EventType "swiss (rapid)"]
[EventRounds "9"]
[EventCountry "CZE"]
[SourceTitle "CBM 185 Extra"]
[Source "ChessBase"]
[SourceDate "2018.07.29"]
[SourceVersion "1"]
[SourceVersionDate "2018.07.29"]
[SourceQuality "1"]

1. e4 d5 2. exd5 Qxd5 3. Nc3 Qd6 4. d4 a6 5. Nf3 Bg4 6. Be2 Nf6 7. 0-0 e6 8. Ne5 Bxe2 9. Nxe2 Be7 10. f4 c5 11. Be3 cxd4 12. Bxd4 Nc6 13. c4 Nxd4 14. Qxd4 Qc7 15. Kh1 Bc5 16. Qd3 Rd8 17. Qc2 g6 18. Qa4+ Kf8 19. Ng3 Kg7 20. Rae1 Rd4 21. Qc2 Rhd8 22. Re2 h5 23. h4 Bd6 24. b3 Bxe5 25. Rxe5 Rxf4 26. Rxf4 Qxe5 27. Rf3 Qd4 28. Qf2 Qxh4+ 29. Kg1 Rd1+ 30. Nf1 Qxf2+ 31. Kxf2 Ne4+ 32. Ke2 Rb1 33. Kd3 f5 34. Kd4 Kf6 35. Ne3 Rb2 36. c5 Rxa2 37. b4 Rb2 38. Kc4 Nd2+ 39. Kc3 Nxf3 40. Kxb2 Nd4 41. Nc4 Nb5 42. Kb3 e5 43. Ka4 Ke6 44. Ka5 e4 45. Kb6 f4 46. Kxb7 f3 47. gxf3 exf3 48. Kxa6 Nc7+ 49. Kb7 Nd5 50. b5 f2 51. Nd2 h4 52. c6 h3 53. b6 h2 54. c7 Nxc7 55. bxc7 h1Q+ 56. Kb8 Qh8+ 57. c8Q+ Qxc8+ 58. Kxc8 Kf5 59. Kd7 Kf4 60. Ke6 g5 61. Kd5 g4 62. Kd4 g3 0-1